000 00902cab a2200301 4500
001 WB3201-30
008 090401t1996 xxu||||| |||| 00| 0 eng d
035 _a(Sirsi) u10010
041 _aeng
245 _aHousing plan opposed for former airbase
260 _c1996
350 _a0
490 _aTimes
_v2 December 1996, 2(1)
520 _aA scheme to build 5000 houses on the former Oxfordshire Upper Heyford airbase is opposed by local people. A crucial test of the Government`s rural White Paper.
650 _aALTERNATIVE USES
650 _aBROWNFIELD SITES
650 _aDEFENCE LANDS
650 _aGOVERNMENT POLICY
650 _aMILITARY BASES
650 _aRESIDENTIAL USE
650 _aRURAL HOUSING
650 _aRURAL WHITE PAPER
650 _aUPPER HEYFORD AIRBASE
690 _aHOUSING-DEVELOPMENT
690 _aRURAL PRACTICE
942 _n0
948 _c04/03/1997
999 _c6293
_d6293